000 00535nam a2200169Ia 4500
005 20250508160024.0
008 008 250505s9999 xx 000 0 eng d
037 _aBooks to be hide in OPAC
040 _aFEDL
_beng
_cFEDL
041 _aeng
_2eng
084 _a378.5482, IND/O
_qFEDL
245 0 _aIndian universities commission : Univeristy of Madras Part 1
260 _aCalcutta, India
_bSuperintendent Government Printing
_c1902
300 _a70p.
942 _cHB
_h378.5482, IND/O
999 _c1361113
_d1361113